Central Library OPAC University of Rajshahi

আধুনিক বাংলা উপন্যাসের ভাষা সমীক্ষা : (Record no. 49139)

MARC details
000 -LEADER
fixed length control field 01039nam a2200229 a 4500
001 - CONTROL NUMBER
control field 49139
003 - CONTROL NUMBER IDENTIFIER
rucl marc code BD-RjUL
005 - DATE AND TIME OF LATEST TRANSACTION
control field 20211209054635.0
008 - FIXED-LENGTH DATA ELEMENTS--GENERAL INFORMATION
fixed length control field 160817s2009 BG a|||| |||| 00| 0 ben d
020 ## - INTERNATIONAL STANDARD BOOK NUMBER
Terms of availability :TK. 240.00
International Standard Book Number 9847000000897
035 ## - SYSTEM CONTROL NUMBER
System control number (BD-RjUL)49258
040 ## - CATALOGING SOURCE
Original cataloging agency BD-RjUL
Language of cataloging ben
Transcribing agency BD-RjUL
041 ## - LANGUAGE CODE
Language code of text/sound track or separate title ben
082 ## - DEWEY DECIMAL CLASSIFICATION NUMBER
Edition number 23
Classification number 891.443
Author mark and year SAA 2009
100 1# - MAIN ENTRY--PERSONAL NAME
Personal name সরকার, সুজিত
9 (RLIN) 147749
245 10 - TITLE STATEMENT
Title আধুনিক বাংলা উপন্যাসের ভাষা সমীক্ষা :
Statement of responsibility, etc. সুজিত সরকার
Remainder of title মানিক বন্দ্যোপাধ্যায় ও সৈয়দ ওয়লী উল্লাহ /
260 ## - PUBLICATION, DISTRIBUTION, ETC. (IMPRINT)
Place of publication, distribution, etc. ঢাকা :
Name of publisher, distributor, etc. জাতীয় সাহিত্য প্রকাশ,
Date of publication, distribution, etc. ২০০৯
300 ## - PHYSICAL DESCRIPTION
Pagination ২৫৬ পৃ. ;
Size ২১ সেমি.
650 ## - SUBJECT ADDED ENTRY--TOPICAL TERM
Topical term or geographic name as entry element বাংলা উপন্যাস
9 (RLIN) 147674
General subdivision ইতিহাস ও সমালোচনা
Topical term or geographic name as entry element Bengali Fiction
9 (RLIN) 147702
General subdivision History and Criticism
942 ## - ADDED ENTRY ELEMENTS (KOHA)
Source of classification or shelving scheme Dewey Decimal Classification
Koha item type Books
Holdings
Lost status Source of classification or shelving scheme Damaged status Not for loan Collection code Permanent Location Current Location Shelving location Date acquired Source of acquisition Cost, normal purchase price Total Checkouts Full call number Date last seen Date checked out Copy number Koha item type
  Dewey Decimal Classification     Fiction Central Library, University of Rajshahi Central Library, University of Rajshahi   25/03/2013 Author 240.00 2 B 891.44309 SAA 2009 28/04/2026 22/04/2026 C-2 Books
  Dewey Decimal Classification     Fiction Central Library, University of Rajshahi Central Library, University of Rajshahi   25/03/2013 Author 240.00   B 891.44309 SAA 2009 17/08/2016   C-3 Books
  Dewey Decimal Classification     Fiction Central Library, University of Rajshahi Central Library, University of Rajshahi   25/03/2013 Author 240.00   B 891.44309 SAA 2009 17/08/2016   C-4 Books
  Dewey Decimal Classification     Fiction Central Library, University of Rajshahi Central Library, University of Rajshahi   25/03/2013 Sujit Sarkar, Bangla Dept.RU. 240.00   B 891.44309 SAA 2009 30/10/2016   C-5 Books
  Dewey Decimal Classification   Not For Loan Fiction Central Library, University of Rajshahi Central Library, University of Rajshahi Reading Room 25/03/2013 Sujit Sarkar, Bangla Dept.RU. 240.00   B 891.44309 SAA 2009 31/01/2017   C-1 Books